| 000 | 00560nam a2200169Ia 4500 | ||
|---|---|---|---|
| 003 | GCL | ||
| 005 | 20240530103402.0 | ||
| 008 | 140319s9999 xx 000 0 ara d | ||
| 040 |
_aGCL / _cGCL |
||
| 082 | 0 | 4 |
_a301.2 _bل ت |
| 100 | 1 | _aلووى، روبرت | |
| 245 | 1 | 0 |
_aتاريخ الاتنولوجيا من البدايات حتى الحرب العالمية الثانية / _cلووى، روبرت ؛ ترجمة نظير جاهل |
| 650 | 0 | 4 | _aعلم النفس |
| 650 | 0 | 4 | _aالثقافة |
| 650 | 0 | 4 | _aتاريخ جغرافيا |
| 942 |
_2ddc _cBK |
||
| 999 |
_c38980 _d38980 |
||